Statistics for WWE Champions by Year - 2021

Click here to take the quiz!

General Stats

  • This quiz has been taken 92 times
    (89 since last reset)
  • The average score is 43 of 64

Answer Stats

TitleDateEventWrestler% Correct
Raw Tag TeamMarch 15RawKofi Kingston
97%
Raw Tag TeamMarch 15RawXavier Woods
97%
WWE ChampionshipMarch 1RawBobby Lashley
95%
Smackdown Tag TeamJuly 18Money in the Bank: KickoffJey Uso
95%
Smackdown Tag TeamJuly 18Money in the Bank: KickoffJimmy Uso
95%
Raw Tag TeamAugust 21SummerSlamRandy Orton
95%
Raw Tag TeamAugust 21SummerSlamRiddle
95%
Raw Women'sAugust 21SummerSlamCharlotte Flair
93%
Smackdown Women'sOctober 22SmackdownCharlotte Flair
93%
WWE ChampionshipFebruary 21Elimination ChamberThe Miz
93%
Raw Women'sOctober 22SmackdownBecky Lynch
91%
Smackdown Women'sAugust 21SummerSlamBecky Lynch
91%
WWE ChampionshipSeptember 13RawBig E
91%
United StatesFebruary 21Elimination ChamberRiddle
91%
Women's Tag TeamSeptember 20RawRhea Ripley
90%
Raw Women'sApril 11WrestleMania 37Rhea Ripley
90%
24/7February 6Celebrity Flag Football GameR-Truth
90%
24/7March 15RawR-Truth
90%
24/7February 1The Michael Kay ShowR-Truth
90%
24/7January 31Royal RumbleR-Truth
90%
24/7January 4Raw: Legends NightR-Truth
90%
24/7March 21FastlaneR-Truth
90%
24/7April 19WWE on YouTubeR-Truth
90%
24/7June 28RawR-Truth
90%
Raw Tag TeamApril 10WrestleMania 37AJ Styles
88%
Women's Tag TeamSeptember 20RawNikki A.S.H.
88%
Raw Women'sJuly 19RawNikki A.S.H.
88%
United StatesApril 11WrestleMania 37Sheamus
86%
Smackdown Women'sApril 10WrestleMania 37Bianca Belair
84%
Raw Tag TeamApril 10WrestleMania 37Omos
84%
Raw Women'sJuly 18Money in the BankCharlotte Flair
74%
IntercontinentalAugust 13SmackdownKing Nakamura
74%
IntercontinentalApril 11WrestleMania 37Apollo Crews
72%
Women's Tag TeamJanuary 31Royal Rumble: KickoffNia Jax
71%
Smackdown Tag TeamMay 16WrestleMania BacklashDominik Mysterio
69%
Smackdown Tag TeamMay 16WrestleMania BacklashRey Mysterio
69%
United StatesAugust 21SummerSlamDamian Priest
67%
Women's Tag TeamJanuary 31Royal Rumble: KickoffShayna Baszler
67%
24/7November 8RawAkira Tozawa
66%
24/7June 28RawAkira Tozawa
66%
24/7February 15RawAkira Tozawa
66%
24/7May 17RawAkira Tozawa
66%
24/7April 19WWE on YouTubeAkira Tozawa
66%
Smackdown Tag TeamJanuary 8SmackdownDolph Ziggler
64%
Women's Tag TeamMay 14SmackdownTamina
64%
Women's Tag TeamMay 14SmackdownNatalya
60%
Smackdown Tag TeamJanuary 8SmackdownRobert Roode
60%
24/7November 22RawDana Brooke
55%
Women's Tag TeamNovember 22RawCarmella
53%
Women's Tag TeamNovember 22RawQueen Zelina
40%
24/7July 19RawReggie
34%
24/7November 8RawReggie
34%
24/7November 8RawDrake Maverick
29%
24/7November 8RawDrake Maverick
29%
24/7June 28RawDrew Gulak
24%
24/7February 15RawBad Bunny
22%
24/7November 22RawCedric Alexander
21%
24/7November 8RawByron Saxton
19%
24/7November 8RawCorey Graves
19%
24/7January 31Royal RumbleAlicia Fox
16%
24/7January 31Royal RumblePeter Rosenberg
12%
24/7February 6Celebrity Flag Football GameDoug Flutie
9%
24/7March 21FastlaneJoseph Average
9%
24/7April 19WWE on YouTubeJoseph Average
9%

Score Distribution

Percentile by Number Answered

Percent of People with Each Score

Your Score History

You have not taken this quiz since the last reset